| 000 | 01641nam a2200361Ia 4500 | ||
|---|---|---|---|
| 001 | ebr10077319 | ||
| 003 | CaPaEBR | ||
| 006 | m u | ||
| 007 | cr cn||||||||| | ||
| 008 | 050330s2005 mdua ss 001 0 eng d | ||
| 020 | _z1886222193 | ||
| 020 | _z1417583940 (electronic bk.) | ||
| 040 |
_aCaPaEBR _cCaPaEBR |
||
| 035 | _a(OCoLC)58722107 | ||
| 050 | 1 | 4 |
_aLB2846 _b.A45 2005eb |
| 245 | 0 | 4 |
_aThe almanac of American education, 2005 _h[electronic resource] / _cedited by Deirdre A. Gaquin and Katherine A. DeBrandt. |
| 246 | 3 | 0 | _aAmerican education, 2005 |
| 260 |
_aLanham, MD : _bBernan Press, _cc2005. |
||
| 300 |
_axv, 512 p. : _bill. |
||
| 500 | _aIncludes index. | ||
| 505 | 0 | _apt. A. School enrollment -- pt. B. Region and state education statistics -- pt. C. County education statistics -- Guide to educational resources on the Internet. | |
| 533 |
_aElectronic reproduction. _bPalo Alto, Calif. : _cebrary, _d2009. _nAvailable via World Wide Web. _nAccess may be limited to ebrary affiliated libraries. |
||
| 650 | 0 |
_aEducation _zUnited States _vStatistics. |
|
| 650 | 0 |
_aEducation _zUnited States _xStates _vStatistics. |
|
| 650 | 0 |
_aEducation _xDemographic aspects _zUnited States _vStatistics. |
|
| 650 | 0 |
_aEducation _xDemographic aspects _zUnited States _xStates _vStatistics. |
|
| 650 | 0 |
_aCounty school systems _zUnited States _vStatistics. |
|
| 655 | 7 |
_aElectronic books. _2local |
|
| 700 | 1 | _aGaquin, Deirdre. | |
| 700 | 1 | _aDeBrandt, Katherine A. | |
| 710 | 2 | _aebrary, Inc. | |
| 856 | 4 | 0 |
_uhttp://site.ebrary.com/lib/rucke/Doc?id=10077319 _zAn electronic book accessible through the World Wide Web; click to view |
| 999 |
_c73391 _d73391 |
||